000 00970nam a22002897i 4500
003 EG-GICUC
005 20260121101554.0
008 251231s1930 uk ||||fr|||| 001 0 eng d
040 _aEG-GiCUC
_cEG-GiCUC
_dEG-GiCUC
_erda
_beng
041 _aeng
082 0 4 _221
_a341.3
_bDA . P
092 0 4 _221
099 _aLaw1 11 341.3 DA . P 1930
100 1 _aDavies, David,
_d1880-1944.
_eAuthor.
245 1 4 _aThe Problem Of The Twentieth Century :
_bA Study In International Relationships /
_cby David Davies.
264 1 _aLondon :
_bErnest Benn Limited,
_c1930.
300 _axvii, 795 ;
_c24 cm.
336 _2rda content
_atext
337 _2rda media
_aComputer
338 _2rda carrier
_aOnline Resource
504 _aIncludes bibliographical references.
546 _aText in English
650 1 4 _aInternational Relations
_xPublic international law
856 4 0 _uhttps://fll.law.cu.edu.eg/fulltext/bks/B11-06597.pdf
905 _a75
942 _2ddc
_cBK
_e21
_n0
999 _c53412
_d53412